<?xml version="1.0" encoding="UTF-8"?>
<record
    xmlns:xsi="http://www.w3.org/2001/XMLSchema-instance"
    xsi:schemaLocation="http://www.loc.gov/MARC21/slim http://www.loc.gov/standards/marcxml/schema/MARC21slim.xsd"
    xmlns="http://www.loc.gov/MARC21/slim">

  <leader>03896nam a2200289 i 4500</leader>
  <controlfield tag="003">DO-SdBNP</controlfield>
  <controlfield tag="005">20250529094354.0</controlfield>
  <controlfield tag="006">a||||gr|||| 00| 0 </controlfield>
  <controlfield tag="007">ta</controlfield>
  <controlfield tag="008">220725e2016    dr o|||fr|||| 001 0 spa d</controlfield>
  <datafield tag="040" ind1=" " ind2=" ">
    <subfield code="a">DO-SdBNP</subfield>
    <subfield code="b">spa</subfield>
    <subfield code="c">BNPHU</subfield>
    <subfield code="e">rda</subfield>
  </datafield>
  <datafield tag="041" ind1=" " ind2=" ">
    <subfield code="a">spa</subfield>
  </datafield>
  <datafield tag="082" ind1=" " ind2="4">
    <subfield code="a">xxx</subfield>
    <subfield code="b">C574a</subfield>
    <subfield code="2">22</subfield>
  </datafield>
  <datafield tag="245" ind1="0" ind2="0">
    <subfield code="a">Conmemoraci&#xF3;n del cincuentenario de la  gesta de abril 1965 /</subfield>
    <subfield code="c">cuidado de la edici&#xF3;n, dise&#xF1;o y diagramaci&#xF3;n Direcci&#xF3;n General de Comunicaciones.</subfield>
  </datafield>
  <datafield tag="246" ind1=" " ind2=" ">
    <subfield code="a">50 a&#xF1;os de la conmemoraci&#xF3;n gesta patri&#xF3;tica de abril 1965.</subfield>
  </datafield>
  <datafield tag="264" ind1=" " ind2=" ">
    <subfield code="a">Santo Domingo : </subfield>
    <subfield code="b">Universidad Aut&#xF3;noma de Santo Domingo,</subfield>
    <subfield code="c">2016.</subfield>
  </datafield>
  <datafield tag="300" ind1=" " ind2=" ">
    <subfield code="a">258 p&#xE1;ginas : </subfield>
    <subfield code="b">ilustraciones, fotograf&#xED;as ;</subfield>
    <subfield code="c">30 cm.</subfield>
  </datafield>
  <datafield tag="336" ind1=" " ind2=" ">
    <subfield code="a">texto</subfield>
    <subfield code="b">txt</subfield>
    <subfield code="2">rdacontent</subfield>
  </datafield>
  <datafield tag="337" ind1=" " ind2=" ">
    <subfield code="a">sin mediaci&#xF3;n</subfield>
    <subfield code="b">n</subfield>
    <subfield code="2">rdamedia</subfield>
  </datafield>
  <datafield tag="338" ind1=" " ind2=" ">
    <subfield code="a">volumen</subfield>
    <subfield code="b">nc</subfield>
    <subfield code="2">rdacarrier</subfield>
  </datafield>
  <datafield tag="505" ind1=" " ind2=" ">
    <subfield code="t">Miembros del Comit&#xE9; Organizador de las Conmemoraciones del Cincuentenario de la Gesta de abril 1965.-- UASD Conmemor&#xF3; 50 a&#xF1;os de la Gesta de abril con vasto programa.-- Conferencia del Coronel Lorenzo Senci&#xF3;n Silverio, E:R:D.--
Conferencia del Coronel Lorenzo Senci&#xF3;n Silverio, E. R.D.-- Visita del Coronel Mario Pea Taveras.-- Conferencia ofrecido por el Doctor Roberto Cass&#xE1;.-- Palabras del maestro Rafael Nino F&#xE9;liz en el Panel Testimonios del Abril.--</subfield>
    <subfield code="t">Palabras del moderador H&#xE9;ctor Luis Mart&#xED;nez en el Panel Testimonio de Abril.-- Exposici&#xF3;n del maestro Jes&#xFA;s de Rosa en el Panel Testimonio de Abril.-- Exposici&#xF3;n de la maestra Teresa Espaillat en el Panel Testimonios de Abril.-- Exposici&#xF3;n del Dr. Porfirio Garc&#xED;a Fern&#xE1;ndez en el Panel Testimonio de Abril.-- Exposici&#xF3;n del Dr. Luis G&#xF3;mez P&#xE9;rez en el Panel Testimonio de Abril.-- UASD reconoce que la Gesta de Abril"Tuvo Perfume de Mujer".-- Palabras Dr. Porfirio Garc&#xED;a Fern&#xE1;ndez en el Panel Testimonio de Abril.--</subfield>
    <subfield code="t">Exposici&#xF3;n de la maestra Teresa Espaillat en el Panel Testimonios de Abril.-- Exposici&#xF3;n de la maestra Cristina D&#xED;az Gautier en el Panel Testimonios de Abril.-- Exposici&#xF3;n de la maestra Milagros Concepci&#xF3;n en el Panel Testimonios de Abril.-- Exposici&#xF3;n de la maestra  Edith Ram&#xED;rezen el Panel Testimonios de Abril.-- </subfield>
    <subfield code="t">Exposici&#xF3;n de la maestra Delta Soto en el Panel Testimonios de Abril.-- Piden estudiantes de la UASD defender legado Guerra de Abril.-- UASD y Achivo General de la Naci&#xF3;n celebraron seminario.-- Conmemoran la Gesta de Abril en Cuba.-- UASD Participa en la IX Feria del libro dominicano en Nueva York.--</subfield>
  </datafield>
  <datafield tag="505" ind1=" " ind2=" ">
    <subfield code="t">Inauguraci&#xF3;n de exposici&#xF3;n Fotogr&#xE1;fica sobre la Gesta de Abril de 1965.-- Biblioteca Pedro Mir presenta decenas de publicaciones sobre la Gesta de Abril de 1965.-- Abril: Una Gesta m&#xE1;s all&#xE1; del recuerdo. Palabras de la Maestra Jocelyn Polanco.-- Aniversario Gesta de Abril 1965.-- Acto de Investidura honores al poeta haitiano Jacque Viau.-- UASD tributa honores al poeta haitiano Jacque Viau.-- La Gesta de Abril en versos.-- </subfield>
    <subfield code="t">Estreno del documental "Gesta Patri&#xF3;tica de Abril 1965 y la UASD".-- Concierto con Artistas Nacionales e Internacionales.-- UASD Centro Ban&#xED;.-- UASD Centro Barahona.-- UASD Centro Hato Mayor.-- UASD Centro Hig&#xFC;ey.-- UASD Centro La Vega.-- UASD Centro Mao.--  UASD Centro Nagua.-- UASD Centro Neyba.-- UASD Centro Puerto Plata.--</subfield>
    <subfield code="t">UASD Centro San Crist&#xF3;bal.-- UASD Centro San Juan de la Maguana .-- UASD Recinto San Francisco de Macor&#xED;s.-- Resumen de la conferencia magistral de la maestra Gristina D&#xED;az Gautier.-- UASD Central San Pedro de Macor&#xED;s.-- UASD Recinto Santiago.-- Se Conmemor&#xF3; el D&#xED;a del Soldado Domocr&#xE1;tico.-- Actos de Conmemoraci&#xF3;n de la Batalla del Matum.-- Las Puerta de la UASD: Marco de acceso a un Universo de sucesos.</subfield>
  </datafield>
  <datafield tag="590" ind1=" " ind2=" ">
    <subfield code="a">Inventariado 2024 / MF</subfield>
  </datafield>
  <datafield tag="700" ind1="1" ind2=" ">
    <subfield code="9">36067</subfield>
    <subfield code="a">Grull&#xF3;n Fern&#xE1;ndez, Iv&#xE1;n,</subfield>
    <subfield code="e">coordinador</subfield>
    <subfield code="4">coord.</subfield>
  </datafield>
  <datafield tag="710" ind1="1" ind2=" ">
    <subfield code="a">Universidad Aut&#xF3;noma de Santo Domingo.</subfield>
    <subfield code="b">Direcci&#xF3;n General de Comunicaciones</subfield>
    <subfield code="9">72951</subfield>
  </datafield>
  <datafield tag="942" ind1=" " ind2=" ">
    <subfield code="2">ddc</subfield>
    <subfield code="c">LBS1</subfield>
  </datafield>
  <datafield tag="952" ind1=" " ind2=" ">
    <subfield code="0">0</subfield>
    <subfield code="1">0</subfield>
    <subfield code="2">ddc</subfield>
    <subfield code="5">1</subfield>
    <subfield code="7">0</subfield>
    <subfield code="8">PD</subfield>
    <subfield code="a">BNPHU</subfield>
    <subfield code="b">BNPHU</subfield>
    <subfield code="c">CT</subfield>
    <subfield code="d">2017-07-20</subfield>
    <subfield code="e">Dep&#xF3;sito Legal</subfield>
    <subfield code="l">0</subfield>
    <subfield code="o">xxx C574a</subfield>
    <subfield code="p">2022-3554</subfield>
    <subfield code="r">2022-07-25</subfield>
    <subfield code="w">2022-07-25</subfield>
    <subfield code="y">LBS1</subfield>
  </datafield>
  <datafield tag="952" ind1=" " ind2=" ">
    <subfield code="0">0</subfield>
    <subfield code="1">0</subfield>
    <subfield code="2">ddc</subfield>
    <subfield code="5">1</subfield>
    <subfield code="7">0</subfield>
    <subfield code="8">PD</subfield>
    <subfield code="a">BNPHU</subfield>
    <subfield code="b">BNPHU</subfield>
    <subfield code="c">CT</subfield>
    <subfield code="d">2025-03-23</subfield>
    <subfield code="e">Donaci&#xF3;n</subfield>
    <subfield code="l">0</subfield>
    <subfield code="o">xxx C574a</subfield>
    <subfield code="p">2025-4184</subfield>
    <subfield code="r">2025-05-13</subfield>
    <subfield code="t">a.2</subfield>
    <subfield code="w">2025-05-13</subfield>
    <subfield code="y">LBS1</subfield>
  </datafield>
  <datafield tag="952" ind1=" " ind2=" ">
    <subfield code="0">0</subfield>
    <subfield code="1">0</subfield>
    <subfield code="2">ddc</subfield>
    <subfield code="5">6</subfield>
    <subfield code="7">0</subfield>
    <subfield code="8">DS</subfield>
    <subfield code="a">BNPHU</subfield>
    <subfield code="b">BNPHU</subfield>
    <subfield code="c">CT</subfield>
    <subfield code="d">2025-03-23</subfield>
    <subfield code="e">Donaci&#xF3;n</subfield>
    <subfield code="l">0</subfield>
    <subfield code="o">xxx C574a</subfield>
    <subfield code="p">2025-4185</subfield>
    <subfield code="r">2025-05-13</subfield>
    <subfield code="t">a.3</subfield>
    <subfield code="w">2025-05-13</subfield>
    <subfield code="y">LBS1</subfield>
  </datafield>
  <datafield tag="952" ind1=" " ind2=" ">
    <subfield code="0">0</subfield>
    <subfield code="1">0</subfield>
    <subfield code="2">ddc</subfield>
    <subfield code="5">6</subfield>
    <subfield code="7">0</subfield>
    <subfield code="8">DS</subfield>
    <subfield code="a">BNPHU</subfield>
    <subfield code="b">BNPHU</subfield>
    <subfield code="c">CT</subfield>
    <subfield code="d">2025-03-23</subfield>
    <subfield code="e">Donaci&#xF3;n</subfield>
    <subfield code="l">0</subfield>
    <subfield code="o">xxx C574a</subfield>
    <subfield code="p">2025-4186</subfield>
    <subfield code="r">2025-05-13</subfield>
    <subfield code="t">a.4</subfield>
    <subfield code="w">2025-05-13</subfield>
    <subfield code="y">LBS1</subfield>
  </datafield>
  <datafield tag="952" ind1=" " ind2=" ">
    <subfield code="0">0</subfield>
    <subfield code="1">0</subfield>
    <subfield code="2">ddc</subfield>
    <subfield code="7">0</subfield>
    <subfield code="a">BNPHU</subfield>
    <subfield code="b">BNPHU</subfield>
    <subfield code="d">2025-05-01</subfield>
    <subfield code="e">Donaci&#xF3;n</subfield>
    <subfield code="l">0</subfield>
    <subfield code="o">xxx C574a</subfield>
    <subfield code="p">2025-4188</subfield>
    <subfield code="r">2025-05-13</subfield>
    <subfield code="t">a.5</subfield>
    <subfield code="w">2025-05-13</subfield>
    <subfield code="y">LBS1</subfield>
    <subfield code="z">En proceso de descripci&#xF3;n</subfield>
  </datafield>
  <datafield tag="999" ind1=" " ind2=" ">
    <subfield code="c">52226</subfield>
    <subfield code="d">52226</subfield>
  </datafield>
</record>
